Name a Valid Word - Hard - Statistics

General Stats
  • This quiz has been taken 1,127 times
  • The average score is 3 of 6
Answer Stats
Hint Answer % Correct
4-letter word ending in WRY awry | ewry
94%
6 letters, Part of the eye, ends with A cornea | retina | areola
86%
3 letters, ends with U amu | cru | eau | ecu | emu | feu | flu | fou | gnu | jeu | leu | piu | sau | sou | tau | vau | you
84%
Starts with Z and ends with X zax
26%
45-letter word pneumonoultramicroscopicsilicovolcanoconiosis
24%
13-letter word ending in OETIC onomatopoetic | haematopoetic | erythropoetic | hæmatopœtic
13%
No matching quizzes found
Score Distribution
Percent of People with Each Score
Percentile by Number Answered
Your Score History
You have not taken this quiz